000 00378nam a22001697a 4500
005 20160614151116.0
008 160614b xxu||||| |||| 00| 0 eng d
020 _a81-203-2376-9
041 _aeng
082 _b7510
100 _aMarakas, George M
_91900
245 _aDecision Support Systems
260 _bPHI
300 _a590
650 _aManagement
_9241
942 _cBK
999 _c2686
_d2685